Normal view
MARC view
- Monaghan, Nicola
Entry Personal Name
001 - CONTROL NUMBER
- control field: 103172
003 - CONTROL NUMBER IDENTIFIER
- control field: NUST
005 - DATE AND TIME OF LATEST TRANSACTION
- control field: 20221120114745.0
008 - FIXED-LENGTH DATA ELEMENTS
- fixed length control field: 221120|| aca||aabn | a|a d
040 ## - CATALOGING SOURCE
- Original cataloging agency: NUST
- Transcribing agency: NUST
100 ## - HEADING--PERSONAL NAME
- Personal name: Monaghan, Nicola
- Titles and other words associated with a name: (Lawyer)
670 ## - SOURCE DATA FOUND
- Source citation: Work cat.: (NUST)0: Monaghan, Nicola (Lawyer) author., Law of evidence /
